Länder mit der niedrigsten Korruption - Statistiken

Allgemein
  • Dieses Quiz wurde 28 mal gespielt
  • Das Durchschnittsergebnis liegt bei 16 aus 20
Antwortstatistiken
Index Land % Korrekt
84,0 Schweiz
100%
80,0 Deutschland
96%
74,0 Österreich
96%
88,0 Finnland
88%
74,0 Island
88%
85,0 Schweden
88%
73,0 Belgien
84%
88,0 Dänemark
84%
74,0 Kanada
84%
81,0 Luxemburg
84%
82,0 Niederlande
84%
85,0 Norwegen
84%
78,0 Vereinigtes Königreich
84%
74,0 Irland
80%
88,0 Neuseeland
76%
73,0 Australien
72%
74,0 Estland
68%
73,0 Japan
64%
85,0 Singapur
60%
73,0 Uruguay
16%
Keine übereinstimmenden Quizze gefunden
Verteilung der Resultate
Anzahl Personen mit jedem Resultat
Perzentil nach korrekt beantworteten Fragen
Ihre Resultats-Entwicklung
Sie haben dieses Quiz noch nicht gespielt